000
00325nam a2200133Ia 4500
008
240624s9999 xx 000 0 und d
041
_a
eng
082
_a
823 SIN
100
_a
KHUSHWANT SINGH
245
_a
CLASSIC KHUSHWANT SIGH
260
_c
2010
_a
New Delhi
_b
Penguin Books
300
_a
851 : p. : cm. ; 20
365
_c
RS
999
_c
22596
_d
22596